000 00276nam a22001217a 4500
020 _a9788183482776
082 _a028.702 SIJ/WI
100 _aSijwali B S
245 _aWinning Interviews for top jobs
260 _aMeerut
_bArihant Publications
300 _a218
942 _cBK
999 _c13842
_d13842